000 00686nam a22002537a 4500
001 BR9509586
003 BR-BrBNA
005 20230928095126.0
007 ta
008 230509b bl.||||| |||| 00| 0 por d
040 _aBR-BrBNA
_bpor
_cBiblioteca Nacional de Agricultura
041 _a(Por)
072 _aE11
090 _ E11 BR9509586
110 1 _aInstituto Nacional de Colonizacao e Reforma Agraria, Brasilia, DF (Brasil)
245 1 _aIndices basicos/92
260 3 _aBrasilia, DF (Brasil):
_c1993.
300 _a121 p.
500 _aNumerical data
650 _aPropriedade Rural
650 _aCadastro Rural
909 _a202309
_bLucia
_c55
_dLucia Elande
942 _cBK
999 _c54677
_d54677